Ellátási lánc menedzsment és logisztikai rendszerek a Perfect Acoustic-nál

Bibliographic Details
Main Author: Polgár Bálint
Other Authors: Domboróczky Dr. Zoltán
Format: Project work
Kulcsszavak:ellátási lánc menedzsment
készletezés
logisztika
raktározás
SWOT-elemzés
Online Access:http://dolgozattar.uni-bge.hu/60045

MARC

LEADER 00000nnm a2200000 i 4500
001 dolg60045
005 20260409145920.0
008 260409suuuu hu o 000 hun d
040 |a BGE Dolgozattár Repozitórium  |b hun 
041 |a hu 
100 1 |a Polgár Bálint 
245 1 0 |a Ellátási lánc menedzsment és logisztikai rendszerek a Perfect Acoustic-nál  |c Polgár Bálint  |h [elektronikus dokumentum] 
516 |a Project_work 
520 3 |a A dolgozat a Perfect Acoustic logisztikai rendszerét és ellátási lánc menedzsmentjét vizsgálja. Bemutatja, hogyan fejlődött egy hobbiból induló ötlet nemzetközi szinten is sikeres vállalkozássá, és hogy a logisztikai folyamatok hatékonysága miként járul hozzá a költségcsökkentéshez, a vevői elégedettséghez és a fenntartható működéshez. A kvalitatív kutatás alapját mélyinterjúk képezik, amelyek gyakorlati tapasztalatokon keresztül tárják fel a rendszer gyengeségeit. A dolgozat konkrét fejlesztési irányokat is javasol a cég további fejlődéséhez, különös hangsúlyt fektetve az automatizáció, digitalizáció és fenntarthatósági szempontok integrálására, valamint a beszállítói együttműködések erősítésére. 
695 |a ellátási lánc menedzsment 
695 |a készletezés 
695 |a logisztika 
695 |a raktározás 
695 |a SWOT-elemzés 
700 1 |a Domboróczky Dr. Zoltán  |e ths 
856 4 0 |u http://dolgozattar.uni-bge.hu/60045/1/Ve%CC%81gleges.pdf  |z Dokumentum-elérés 
856 4 0 |u http://dolgozattar.uni-bge.hu/60045/2/Polg%C3%A1r_B%C3%A1lint_KM%20FOSZK%20b%C3%ADr%C3%A1lati%20lap.pdf  |z Dokumentum-elérés